Paroles - Le petit pain au chocolat - Joe Dassin - Statistiques

Statistiques générales
  • Ce quiz a été pris 98 fois
  • Le résultat moyen est 166 sur 215
Statistiques - réponses
Réponse % Correct
À
100%
à
100%
au
100%
chocolat
100%
Le
100%
le
100%
pain
100%
petit
100%
les
99%
il
98%
Il
98%
La
98%
la
98%
matins
98%
ne
98%
Ne
98%
pas
98%
son
98%
Tous
98%
boulangère
96%
elle
96%
belle
95%
Et
95%
et
95%
lui
95%
pour
95%
que
95%
Que
95%
qu'elle
95%
acheta
94%
clients
94%
était
94%
etait
94%
achetait
93%
pourtant
93%
voyaient
93%
se
91%
souriait
89%
ce
88%
de
88%
regardait
88%
des
86%
sa
86%
ses
85%
tout
84%
un
83%
croissants
80%
savait
80%
dans
79%
Dans
79%
en
79%
lunettes
79%
mais
79%
voyait
79%
myope
78%
autant
74%
celle
74%
coeur
73%
qui
72%
très
72%
croustillante
70%
l'élu
69%
soir
69%
homme
68%
jeune
68%
68%
boutique
67%
petits
67%
vraiment
67%
destin
65%
faut
65%
voilà
65%
dire
64%
distant
64%
pains
64%
comme
63%
on
63%
vivait
63%
maria
62%
bonheur
60%
faire
60%
monde
60%
flou
59%
n'était
59%
bête
58%
boulangerie
58%
mélancolique
58%
rêvait
58%
si
57%
fille
54%
papa
54%
myopes
53%
leur
52%
vie
52%
est
51%
paire
51%
y
51%
l'aveuglette
48%
envoyait
47%
nuages
47%
volaient
47%
peu
46%
Toute
46%
union
46%
bas
44%
bien
44%
fête
44%
gosses
44%
tas
44%
quand
43%
suffit
42%
baguettes
41%
blanc
41%
faite
41%
qu'ils
40%
simple
40%
sont
40%
heureux
38%
nés
38%
poches
38%
remplissant
38%
deux
37%
soient
37%
babas
36%
brioches
35%
D'une
35%
êtres
35%
pense
35%
chaude
32%
l'odeur
32%
parmi
31%
galettes
30%
Gambadant
28%
rapprocher
26%
Aucun quiz correspondant
Distribution des résultats
% des personnes avec chaque résultat
Percentile par nombre de réponses
Votre historique - résultats
Vous n’avez pas pris ce quiz